Top 50 Largest cities in the World - Sudden Death - Statistics

General Stats
  • This quiz has been taken 549 times
  • The average score is 5 of 50
Answers on the Grid
Answers color-coded by a green-red scale on the quiz's grid according to % correct below.
Tokyo
Delhi
Shanghai
Dhaka
Cairo
Sao Paulo
Mexico City
Beijing
Mumbai
Osaka
Chongqing
Karachi
Kinshasa
Lagos
Istanbul
Kolkata
Buenos Aires
Manila
Guangzhou
Lahore
Tianjin
Bangalore
Rio de Janeiro
Shenzhen
Moscow
Chennai
Bogota
Jakarta
Lima
Bangkok
Paris
Hyderabad
Nanjing
Luanda
Seoul
Chengdu
London
Ho Chi Minh City
Tehran
Nagoya
Xi-an
Ahmedabad
Kuala Lumpur
Wuhan
Suzhou
Hangzhou
Surat
Dar es Salaam
Baghdad
Shenyang
Riyadh
New York City
Foshan
Dongguan
Hong Kong
Pune
Haerbin
Santiago
Madrid
Khartoum
Toronto
Johannesburg
Dalian
Qingdao
Singapore
Zhengzhou
Abidjan
Yangon
Alexandria
Nairobi
Barcelona
Hanoi
Saint Petersburg
Guadalajara
Ankara
Fukuoka
Melbourne
Monterrey
Sydney
Urumqi
Changsha
Cape Town
Brasilia
Kabul
Yaounde
Hefei
Kano
New Taipei
Shijiazhuang
Jaipur
Montreal
Rome
Kampala
Ibadan
Changzhou
Salvador
Casablanca
Port Harcourt
Los
Angeles
Berlin
 
Answer Stats
Answer % Correct
Mexico City
30%
Moscow
22%
Tokyo
22%
Delhi
20%
Sao Paulo
20%
Beijing
19%
Guangzhou
19%
Cairo
18%
London
17%
Mumbai
17%
Seoul
17%
Rio de Janeiro
16%
Lagos
15%
Paris
15%
Shanghai
15%
Dhaka
12%
Istanbul
12%
Jakarta
12%
Manila
12%
Buenos Aires
11%
Kolkata
11%
Shenzhen
9%
Bangalore
8%
Bangkok
8%
Chongqing
8%
Ho Chi Minh City
8%
Karachi
8%
Kinshasa
8%
Kuala Lumpur
8%
Osaka
8%
Tehran
8%
Chennai
7%
Lahore
6%
Bogota
5%
Hyderabad
5%
Lima
5%
Nagoya
5%
Tianjin
5%
Chengdu
4%
Hangzhou
4%
Luanda
4%
Wuhan
4%
Xi-an
4%
Ahmedabad
3%
Baghdad
3%
Dar es Salaam
2%
Nanjing
2%
Shenyang
1%
Surat
0%
Suzhou
0%
No matching quizzes found
Score Distribution
Percent of People with Each Score
Percentile by Number Answered
Your Score History
You have not taken this quiz